Tous les clubs ayant participé au moins une fois à la D1 belge - Statistiques

Statistiques générales
  • Ce quiz a été pris 30 fois
    2 depuis la dernière actualisation
  • Le résultat moyen est 47 sur 82
Statistiques - réponses
Première saison Dernière saison Nombres de saisons Réponse % Correct
1921-22 2026-27 96 Anderlecht
100%
1895-96 2026-27 106 Antwerp
100%
1969-70 1976-77 4 AS Ostende
100%
1900-01 1990-91 81 Beerschot (1899-1999)
100%
1989-90 2012-13 24 Beerschot Anvers
100%
2020-21 2024-25 3 Beerschot VA
100%
1899-1900 2026-27 88 Cercle Bruges
100%
1895-96 2026-27 105 Club Bruges
100%
2007-08 2025-26 4 Dender
100%
2014-15 2020-21 7 Excel Mouscron
100%
1996-97 2009-10 14 Excelsior Mouscron
100%
2004-05 2007-08 4 FC Bruxelles
100%
1974-75 2026-27 45 Genk
100%
1979-80 1979-80 1 Hasselt
100%
1898-99 1952-53 20 KRC Gand
100%
1966-67 1995-96 28 KSV Waregem
100%
1906-07 2026-27 39 KV Courtrai
100%
1921-22 2026-27 76 KV Malines
100%
1993-94 2022-23 14 KV Ostende
100%
1913-14 2026-27 89 La Gantoise
100%
1975-76 2026-27 11 La Louvière
100%
1927-28 2014-15 75 Lierse
100%
1974-75 2018-19 42 Lokeren
100%
1992-93 2026-27 11 Lommel
100%
2002-03 2013-14 3 Mons
100%
2011-12 2026-27 11 OHL Louvain
100%
2021-22 2022-23 2 RFC Seraing
100%
1982-83 1995-96 8 RFC Seraing (1904-1996)
100%
1934-35 2023-24 44 RWDM
100%
1957-58 2026-27 50 Saint-Trond
100%
1947-48 2026-27 62 Sporting Charleroi
100%
1909-10 2026-27 110 Standard de Liège
100%
1931-32 1963-64 3 Turnhout
100%
1901-02 2026-27 64 Union Saint-Gilloise
100%
2012-13 2026-27 10 Waasland Beveren
100%
1997-98 2026-27 23 Westerlo
100%
2005-06 2026-27 20 Zulte Waregem
100%
1941-42 2001-02 16 Alost
50%
1922-23 1986-87 41 Berchem
50%
1950-51 1983-84 25 Beringen
50%
1903-04 1968-69 48 Daring
50%
1926-27 1946-47 5 Forest
50%
1999-2000 1999-2000 1 Geel
50%
1995-96 2000-01 6 Harelbeke
50%
2010-11 2023-24 9 KAS Eupen
50%
1961-62 1974-75 9 KFC Diest
50%
1910-11 1989-90 32 KRC Malines
50%
1937-38 1974-75 24 Olympic Charleroi
50%
1960-61 1960-61 1 Patro Eisden
50%
1958-59 1958-59 1 Racing Tournai
50%
1895-96 1994-95 67 RFC Liège
50%
1951-52 1951-52 1 RFC Tournai
50%
1949-50 1949-50 1 Stade Louvain
50%
1981-82 1982-83 2 Tongres
50%
2008-09 2008-09 1 Tubize
50%
1900-01 1960-61 20 Verviers
50%
1984-85 1987-88 3 Wavre
50%
1898-99 1898-99 1 Athletic Club Gantois
0%
1896-97 1904-05 9 Athletic & Running Bruxelles
0%
1933-34 1934-35 2 Belgica Edegem
0%
1938-39 1992-93 9 Boom
0%
1969-70 1972-73 4 Elewijt
0%
1908-09 1912-13 5 Excelsior Bruxelles
0%
1899-1900 1899-1900 1 FC Courtraisien
0%
2003-04 2003-04 1 Heusden-Zolder Beringen
0%
1895-96 1913-14 18 Leopold
0%
1932-33 1953-54 12 Lyra
0%
1930-31 1930-31 1 Montégnée
0%
1903-04 1903-04 1 Olympic Bruxelles
0%
1898-99 1898-99 1 Oostendensche
0%
1895-96 1954-55 40 Racing Bruxelles
0%
2005-06 2009-10 5 Roulers
0%
1945-46 1984-85 3 Saint-Nicolas
0%
1899-1900 1901-02 3 Skill Bruxelles
0%
1895-96 1896-97 2 Sporting Bruxelles
0%
1898-99 1898-99 1 Sport Pédestre Gand
0%
1954-55 1985-86 15 THOR Genk
0%
1925-26 1966-67 21 Tilleur
0%
1937-38 1937-38 1 Tirlemont
0%
1930-31 1931-32 2 Tubantia Borgerhout
0%
1919-20 1947-48 4 Uccle
0%
1895-96 1895-96 1 Union Ixelles
0%
Aucun quiz correspondant
Distribution des résultats
% des personnes avec chaque résultat
Percentile par nombre de réponses
Votre historique - résultats
Vous n’avez pas pris ce quiz depuis la dernière actualisation